| 000 | 00441nam a2200169 a 4500 | ||
|---|---|---|---|
| 001 | 2628 | ||
| 003 | CDMR | ||
| 005 | 20131002120538.0 | ||
| 008 | 130130s1974||||||||||||||||||||||||||||d | ||
| 020 | _a8427611412 | ||
| 040 |
_aCDMR _bcat _cCDMR |
||
| 100 | 1 |
_aHalloran, James _91965 |
|
| 245 | 1 | 4 |
_aLos efectos de la televisión _cJames Holloran |
| 260 |
_aMadrid _c1974 _bNacional |
||
| 490 | _aComunicación (Editora Nacional) | ||
| 942 |
_cMON _2udc |
||
| 999 |
_c2628 _d2628 |
||